01118 2200229 4500001002100000005001500021035002000036007000300056008004100059020001800100082001300118084001900131100002800150245007900178250001100257260003600268300003700304700001700341700001900358520049500377990001600872INLIS00000000000007220260427085311 a0010-0426000072ta260427 b 1 ind  a9786022429982 a899.2213 a899.2213 TUR i0 aTurfa Selmi Abdi Qanita1 aI Love My Restaurant :bKecil-Kecil Punya Karya /cTurfa Selmi Abdi Qanita aCet. I aBandung :bMizan Pustaka,c2016 a120 hlm. :bIlus. ;c15 x 21 cm.0 aRidwan Fauzi0 aYuni Mulyawati aI Love My Restaurant adalah cerita anak yang mengangkat pengalaman menyenangkan di sebuah restoran. Tokoh utama digambarkan memiliki rasa cinta dan kebanggaan terhadap restoran—baik sebagai tempat makan favorit maupun sebagai bagian dari kehidupan keluarganya. Melalui cerita sederhana dan ilustrasi menarik, anak diajak mengenal suasana restoran, jenis makanan, serta nilai kerja sama, tanggung jawab, dan pelayanan. Buku ini juga menumbuhkan apresiasi terhadap dunia kuliner sejak dini. a00000000080